000 00499nam a2200193Ia 4500
003 GCL
008 140319s9999 xx 000 0 eng d
040 _aGCL /
_cGCL
082 0 4 _aCH
_b953
_bM A
100 1 _aMOKHTAR, MOKTABI
245 1 0 _aLES ARABES AU TEMPS DE L'AGE D'OR /
_cMOKHTAR, MOKTABI
700 1 _aVERONIQUE, AGEORGES
260 _a[S.N] :
_bNATHAN ،
_c1991
300 _a60 P
650 0 4 _aCHILDREN
650 0 4 _aHISTORY
650 0 4 _aARAB COUNTRIES - HISTORY
942 _2ddc
_cBK
999 _c15093
_d15093